<?xml version="1.0" encoding="UTF-8"?>
<record
    xmlns:xsi="http://www.w3.org/2001/XMLSchema-instance"
    xsi:schemaLocation="http://www.loc.gov/MARC21/slim http://www.loc.gov/standards/marcxml/schema/MARC21slim.xsd"
    xmlns="http://www.loc.gov/MARC21/slim">

  <leader>00867nam a2200241 a 4500</leader>
  <controlfield tag="005">20170915152945.0</controlfield>
  <controlfield tag="008">140314S2002    ck ||||| |||| 00| 0 spa d</controlfield>
  <datafield tag="040" ind1=" " ind2=" ">
    <subfield code="a">CO-BoIAVH </subfield>
    <subfield code="c">CO-BoIAVH </subfield>
  </datafield>
  <datafield tag="041" ind1="0" ind2=" ">
    <subfield code="a">spa</subfield>
  </datafield>
  <datafield tag="044" ind1=" " ind2=" ">
    <subfield code="a">ck</subfield>
  </datafield>
  <datafield tag="082" ind1="0" ind2="4">
    <subfield code="a">636</subfield>
    <subfield code="b">G64g1</subfield>
  </datafield>
  <datafield tag="100" ind1="1" ind2=" ">
    <subfield code="a">Gonz&#xE1;lez V., Gustavo C.</subfield>
  </datafield>
  <datafield tag="245" ind1=" " ind2=" ">
    <subfield code="a">Gu&#xED;a para el manejo, cr&#xED;a y conservaci&#xF3;n de la paca o conejo pintado :</subfield>
    <subfield code="b">Agouti paca Linneo / </subfield>
    <subfield code="c">Augusto C. Gonz&#xE1;lez V. y Virginia R&#xED;os.</subfield>
  </datafield>
  <datafield tag="260" ind1=" " ind2=" ">
    <subfield code="a">Bogot&#xE1; : </subfield>
    <subfield code="b">Convenio Andr&#xE9;s Bello, </subfield>
    <subfield code="c">2002.</subfield>
  </datafield>
  <datafield tag="300" ind1=" " ind2=" ">
    <subfield code="a">63 p&#xE1;ginas :</subfield>
    <subfield code="b">ilustraciones ; </subfield>
    <subfield code="c">27 cm.</subfield>
  </datafield>
  <datafield tag="500" ind1=" " ind2=" ">
    <subfield code="a">T&#xED;tulo tomado de la car&#xE1;tula.</subfield>
  </datafield>
  <datafield tag="504" ind1=" " ind2=" ">
    <subfield code="a">Incluye referencias bibliogr&#xE1;ficas.</subfield>
  </datafield>
  <datafield tag="650" ind1="1" ind2="4">
    <subfield code="a">Cr&#xED;a de animales</subfield>
    <subfield code="v">Gu&#xED;as</subfield>
  </datafield>
  <datafield tag="650" ind1="2" ind2="4">
    <subfield code="a">Mam&#xED;feros</subfield>
    <subfield code="v">Gu&#xED;as</subfield>
  </datafield>
  <datafield tag="650" ind1="2" ind2="4">
    <subfield code="a">Roedores</subfield>
    <subfield code="v">Gu&#xED;as.</subfield>
  </datafield>
  <datafield tag="700" ind1="1" ind2=" ">
    <subfield code="a">R&#xED;os, Virginia</subfield>
    <subfield code="e">autora</subfield>
  </datafield>
  <datafield tag="942" ind1=" " ind2=" ">
    <subfield code="c">LIBRO</subfield>
    <subfield code="2">ddc</subfield>
  </datafield>
  <datafield tag="999" ind1=" " ind2=" ">
    <subfield code="c">4247</subfield>
    <subfield code="d">4247</subfield>
  </datafield>
  <datafield tag="952" ind1=" " ind2=" ">
    <subfield code="0">0</subfield>
    <subfield code="1">0</subfield>
    <subfield code="2">ddc</subfield>
    <subfield code="4">0</subfield>
    <subfield code="7">0</subfield>
    <subfield code="8">GENERAL</subfield>
    <subfield code="I">INV2017</subfield>
    <subfield code="a">Bogota</subfield>
    <subfield code="b">Bogota</subfield>
    <subfield code="d">2004-11-12</subfield>
    <subfield code="e">Instituto</subfield>
    <subfield code="g">15000.00</subfield>
    <subfield code="l">0</subfield>
    <subfield code="o">LB-636 G64g1</subfield>
    <subfield code="p">004850</subfield>
    <subfield code="r">2012-12-04 00:00:00</subfield>
    <subfield code="t">Ej. 1</subfield>
    <subfield code="w">2012-12-04</subfield>
    <subfield code="x">Donaci&#xF3;n</subfield>
    <subfield code="y">LIBRO</subfield>
  </datafield>
  <datafield tag="952" ind1=" " ind2=" ">
    <subfield code="0">0</subfield>
    <subfield code="1">0</subfield>
    <subfield code="2">ddc</subfield>
    <subfield code="4">0</subfield>
    <subfield code="7">0</subfield>
    <subfield code="8">GENERAL</subfield>
    <subfield code="I">INV2017</subfield>
    <subfield code="a">Venado</subfield>
    <subfield code="b">Venado</subfield>
    <subfield code="d">2004-11-12</subfield>
    <subfield code="e">Instituto</subfield>
    <subfield code="g">15000.00</subfield>
    <subfield code="l">0</subfield>
    <subfield code="o">LB-636 G64g1</subfield>
    <subfield code="p">004851</subfield>
    <subfield code="r">2012-12-04 00:00:00</subfield>
    <subfield code="t">Ej. 2</subfield>
    <subfield code="w">2012-12-04</subfield>
    <subfield code="x">Donacion</subfield>
    <subfield code="y">LIBRO</subfield>
  </datafield>
</record>
